Building on success : A strategic framework for the next ten years of the Greater Mekong Subregion economic cooperation program
Đã lưu trong:
| Formáid: | Leabhar |
|---|---|
| Teanga: | Undetermined |
| Foilsithe: |
Manila, Philippines
Asian Development Bank
2002
|
| Ábhair: | |
| Clibeanna: |
Cuir Clib Leis
Gan Chlibeanna, Bí ar an gcéad duine leis an taifead seo a chlibeáil!
|
| Thư viện lưu trữ: | Trung tâm Học liệu Trường Đại học Cần Thơ |
|---|
| LEADER | 00630nam a2200181Ia 4500 | ||
|---|---|---|---|
| 001 | CTU_143934 | ||
| 008 | 210402s9999 xx 000 0 und d | ||
| 082 | |a 338.9 | ||
| 082 | |b B932 | ||
| 245 | 0 | |a Building on success : | |
| 245 | 2 | |b A strategic framework for the next ten years of the Greater Mekong Subregion economic cooperation program | |
| 260 | |a Manila, Philippines | ||
| 260 | |b Asian Development Bank | ||
| 260 | |c 2002 | ||
| 650 | |a Economic development projects,Mekong river watershed | ||
| 650 | |x Mekong river watershed,Economic policy | ||
| 904 | |i Giang | ||
| 980 | |a Trung tâm Học liệu Trường Đại học Cần Thơ | ||